[Event "Manitoba op"]
[Site "Winnipeg CAN"]
[Date "1998.05.17"]
[Round "4"]
[White "Kaptsan, Aron"]
[Black "Gentes, Kevin"]
[Result "0-1"]
[WhiteElo "2252"]
[BlackElo "2374"]
[PlyCount "52"]
[GameId "2160767911873026"]
[EventDate "1998.05.16"]
[EventType "swiss"]
[EventRounds "6"]
[EventCountry "CAN"]

1. d4 d5 2. c4 e6 3. Nc3 c5 4. cxd5 exd5 5. Nf3 Nc6 6. e3 Nf6 7. Be2 Bd6 8. O-O O-O 9. dxc5 Bxc5 10. b3 Be6 11. Bb2 Qe7 12. Na4 Bd6 13. Nd4 Rac8 14. Nb5 Bb8 15. Ba3 Nb4 16. Qd4 a5 17. Qb6 Bg4 18. Bxg4 Nxg4 19. g3 Qe5 20. Bxb4 Qh5 21. h4 axb4 22. Nd4 Rfe8 23. Rac1 Rxc1 24. Rxc1 Qe5 25. Qxb4 Nxf2 26. Ne2 Nd3 0-1

[Event "Manitoba op"]
[Site "Winnipeg CAN"]
[Date "1998.05.17"]
[Round "4"]
[White "Langner, David"]
[Black "Andersen, Sune"]
[Result "1-0"]
[WhiteElo "2242"]
[BlackElo "2092"]
[PlyCount "69"]
[GameId "2160767911873027"]
[EventDate "1998.05.16"]
[EventType "swiss"]
[EventRounds "6"]
[EventCountry "CAN"]

1. e4 c5 2. Nf3 d6 3. d4 cxd4 4. Nxd4 Nf6 5. Nc3 g6 6. Be3 Bg7 7. f3 O-O 8. Qd2 Nc6 9. Bc4 Bd7 10. O-O-O Rc8 11. Bb3 Ne5 12. Bg5 Re8 13. Kb1 Qa5 14. f4 Nc6 15. Nde2 Be6 16. Bxe6 fxe6 17. Qd3 Nb4 18. Qh3 Kh8 19. Qxe6 Ng4 20. Rd4 Ne3 21. Rc1 Rc6 22. a3 d5 23. axb4 Qb6 24. Qd7 Rec8 25. e5 e6 26. Bf6 Bxf6 27. exf6 R6c7 28. Qb5 Qd6 29. Qd3 Nf5 30. b3 a6 31. g4 Nxd4 32. Qxd4 Kg8 33. Ne4 Qd8 34. Ng5 a5 35. Nxe6 1-0

[Event "Manitoba op"]
[Site "Winnipeg CAN"]
[Date "1998.05.17"]
[Round "4"]
[White "Lauritson, Jim"]
[Black "Babb, Jeff"]
[Result "0-1"]
[WhiteElo "2067"]
[BlackElo "2224"]
[PlyCount "60"]
[GameId "2160767911873028"]
[EventDate "1998.05.16"]
[EventType "swiss"]
[EventRounds "6"]
[EventCountry "CAN"]

1. e4 d6 2. d4 Nf6 3. Nc3 g6 4. f3 c6 5. Be3 b5 6. Qd2 Nbd7 7. g4 Nb6 8. h4 h5 9. g5 Nfd7 10. f4 b4 11. Nd1 d5 12. f5 e6 13. fxe6 fxe6 14. Nf2 a5 15. Ngh3 Bg7 16. Nf4 Nf8 17. Bd3 e5 18. Ne2 Nc4 19. Bxc4 dxc4 20. O-O-O Be6 21. Qe1 Qe7 22. dxe5 c3 23. b3 a4 24. Kb1 axb3 25. cxb3 c2+ 26. Kxc2 Rxa2+ 27. Kb1 Bxb3 28. Nc1 Bxd1 29. Nxa2 Qxe5 30. Kc1 Bb3 0-1

[Event "Manitoba op"]
[Site "Winnipeg CAN"]
[Date "1998.05.17"]
[Round "4"]
[White "Milord, Frank"]
[Black "Walker, Sean"]
[Result "1/2-1/2"]
[WhiteElo "1614"]
[BlackElo "1452"]
[PlyCount "88"]
[GameId "2160767911873029"]
[EventDate "1998.05.16"]
[EventType "swiss"]
[EventRounds "6"]
[EventCountry "CAN"]

1. e4 e5 2. Nf3 Nc6 3. d4 d6 4. Bb5 Bd7 5. O-O Nf6 6. Nc3 Be7 7. Re1 O-O 8. Bxc6 Bxc6 9. dxe5 dxe5 10. Qxd8 Raxd8 11. Nxe5 Bxe4 12. Nxe4 Nxe4 13. Be3 Bb4 14. Red1 a6 15. c3 Bd6 16. Nc4 Bc5 17. Bxc5 Nxc5 18. Kf1 Rfe8 19. f3 b5 20. Ne5 f6 21. Nc6 Rd6 22. Rxd6 cxd6 23. Rd1 Nb7 24. Nb4 a5 25. Nd5 Kf7 26. f4 Rc8 27. Re1 Rc5 28. Re7+ Kg6 29. Ne3 Nd8 30. Rd7 Nc6 31. Rxd6 b4 32. Rd5 Rxd5 33. Nxd5 bxc3 34. Nxc3 Kf5 35. g3 g5 36. fxg5 fxg5 37. h3 h5 38. Kf2 h4 39. g4+ Kf4 40. b3 Nb4 41. Ne2+ Ke4 42. Nc1 Kf4 43. Ne2+ Ke4 44. Nc1 Kf4 1/2-1/2

[Event "Manitoba op"]
[Site "Winnipeg CAN"]
[Date "1998.05.17"]
[Round "4"]
[White "Rasmussen, Barry"]
[Black "Schulz, Waldemar"]
[Result "1-0"]
[WhiteElo "2241"]
[BlackElo "2008"]
[PlyCount "73"]
[GameId "2160767911873030"]
[EventDate "1998.05.16"]
[EventType "swiss"]
[EventRounds "6"]
[EventCountry "CAN"]

1. e4 c5 2. Nc3 Nc6 3. f4 e6 4. Nf3 d6 5. Bb5 Bd7 6. O-O Nge7 7. Qe1 Nd4 8. Bxd7+ Qxd7 9. Nxd4 cxd4 10. Ne2 Nc6 11. Qf2 d5 12. d3 Bc5 13. Ng3 O-O-O 14. a3 a5 15. Bd2 a4 16. b4 Ba7 17. b5 Ne7 18. Bb4 dxe4 19. Nxe4 Nd5 20. c4 Ne3 21. Rfc1 Kb8 22. Rab1 f5 23. Ng5 Ka8 24. c5 Rhe8 25. c6 Qc7 26. b6 Bxb6 27. cxb7+ Qxb7 28. Bc5 Nd5 29. Qxd4 Bxc5 30. Qxc5 Qa7 31. d4 Qxc5 32. Rxc5 Rd7 33. g3 h6 34. Nxe6 Rxe6 35. Ra5+ Ra7 36. Rxd5 Re8 37. Rxf5 1-0

[Event "Manitoba op"]
[Site "Winnipeg CAN"]
[Date "1998.05.17"]
[Round "4"]
[White "Taylor, Gordon2"]
[Black "Huggan, Philip"]
[Result "1-0"]
[WhiteElo "1635"]
[BlackElo "1558"]
[PlyCount "115"]
[GameId "2160767911873031"]
[EventDate "1998.05.16"]
[EventType "swiss"]
[EventRounds "6"]
[EventCountry "CAN"]

1. c4 Nf6 2. Nc3 e6 3. g3 d5 4. cxd5 Nxd5 5. Bg2 b6 6. e4 Nxc3 7. bxc3 Bb7 8. d4 c5 9. Ne2 cxd4 10. cxd4 Bb4+ 11. Bd2 Bxd2+ 12. Qxd2 O-O 13. O-O Nc6 14. Rfd1 Ne7 15. Rac1 Rc8 16. Rxc8 Qxc8 17. Rc1 Qd7 18. Qb4 Rc8 19. Rxc8+ Bxc8 20. Qc4 Qc6 21. Qxc6 Nxc6 22. d5 exd5 23. exd5 Nb4 24. Nc3 Kf8 25. Be4 f5 26. Bb1 Bd7 27. a3 Na6 28. Kf1 Ke7 29. Ke2 b5 30. Kd3 Kd6 31. Kd4 b4 32. axb4 Nxb4 33. Kc4 a5 34. Nb5+ Ke5 35. f4+ Kf6 36. Nd4 g6 37. Kc5 Be8 38. Nc6 Bf7 39. d6 Nxc6 40. Kxc6 Be8+ 41. d7 Bxd7+ 42. Kxd7 g5 43. Bc2 h6 44. Ba4 Kf7 45. Kd6 h5 46. Ke5 h4 47. Kxf5 hxg3 48. hxg3 gxf4 49. Kxf4 Kf6 50. g4 Kg6 51. Bc2+ Kh6 52. Kf5 Kg7 53. Kg5 Kf8 54. Kf6 Kg8 55. g5 Kh8 56. g6 Kg8 57. Bb3+ Kh8 58. g7+ 1-0

[Event "Manitoba op"]
[Site "Winnipeg CAN"]
[Date "1998.05.17"]
[Round "4"]
[White "Waissbluth, Boris"]
[Black "Roque, Rodolfo"]
[Result "1-0"]
[WhiteElo "2118"]
[BlackElo "1982"]
[PlyCount "69"]
[GameId "2160767911873032"]
[EventDate "1998.05.16"]
[EventType "swiss"]
[EventRounds "6"]
[EventCountry "CAN"]

1. e4 d6 2. d4 Nd7 3. Nf3 e5 4. dxe5 dxe5 5. Bc4 Bd6 6. Nc3 h6 7. O-O Ngf6 8. Qe2 Nb6 9. Bb3 Qe7 10. a4 Be6 11. a5 Nbd7 12. a6 b6 13. Ba4 O-O 14. Bc6 Rab8 15. Be3 Bg4 16. Nb5 Nxe4 17. Bxe4 f5 18. Bd5+ Kh8 19. Nxd6 cxd6 20. Rfe1 e4 21. Bd4 Ne5 22. Bxe5 dxe5 23. Bxe4 fxe4 24. Qxe4 Bxf3 25. gxf3 Rbe8 26. Rad1 Rf4 27. Qxf4 exf4 28. Rxe7 Rxe7 29. Kf1 Re5 30. Rd8+ Kh7 31. Rd7 Kg6 32. Rxa7 Ra5 33. Ra8 Kf7 34. a7 g5 35. Rh8 1-0

[Event "Manitoba op"]
[Site "Winnipeg CAN"]
[Date "1998.05.17"]
[Round "4"]
[White "Williams, Brian"]
[Black "Sekhar, Ganesan"]
[Result "0-1"]
[WhiteElo "1717"]
[BlackElo "1940"]
[PlyCount "102"]
[GameId "2160767911873033"]
[EventDate "1998.05.16"]
[EventType "swiss"]
[EventRounds "6"]
[EventCountry "CAN"]

1. e4 e5 2. Nc3 c6 3. g3 Bb4 4. Bg2 Ne7 5. Nge2 O-O 6. O-O d6 7. d3 Bg4 8. f3 Be6 9. a3 Bc5+ 10. Kh1 Nd7 11. f4 Bg4 12. h3 Bxe2 13. Qxe2 f5 14. Na4 Rf6 15. Nxc5 Nxc5 16. b4 Ne6 17. Bb2 Qc7 18. c4 Raf8 19. c5 Nd4 20. Bxd4 exd4 21. cxd6 Rxd6 22. e5 Rdd8 23. Rac1 Nd5 24. Bxd5+ Rxd5 25. Qa2 Qf7 26. Rfe1 Re8 27. Rc5 Rxc5 28. Qxf7+ Kxf7 29. bxc5 Ke6 30. Kg2 Kd5 31. Rc1 h5 32. Kf3 g5 33. Re1 g4+ 34. hxg4 hxg4+ 35. Kg2 Kxc5 36. Rh1 b5 37. Rh5 Rf8 38. Kf2 a5 39. Ke2 b4 40. axb4+ axb4 41. Kd2 b3 42. Kc1 Kb4 43. Rh6 Kc3 44. Rxc6+ Kxd3 45. Kb2 Ke2 46. Rd6 d3 47. Rh6 d2 48. Rh2+ Ke3 49. Rh1 Rd8 50. e6 Re8 51. Kxb3 Rxe6 0-1

[Event "Manitoba op"]
[Site "Winnipeg CAN"]
[Date "1998.05.18"]
[Round "5"]
[White "Andersen, Sune"]
[Black "Roque, Rodolfo"]
[Result "0-1"]
[WhiteElo "2092"]
[BlackElo "1982"]
[PlyCount "44"]
[GameId "2160767911873034"]
[EventDate "1998.05.16"]
[EventType "swiss"]
[EventRounds "6"]
[EventCountry "CAN"]

1. e4 d5 2. exd5 Nf6 3. c4 e6 4. dxe6 Bxe6 5. Be2 Bc5 6. Nf3 Nc6 7. Nc3 Qe7 8. O-O O-O-O 9. Ng5 Bf5 10. Bf3 Nd4 11. Re1 Qd7 12. Nge4 Nxf3+ 13. Qxf3 Rhe8 14. h3 Nxe4 15. Nxe4 Rxe4 16. Rxe4 Bxe4 17. Qxe4 Re8 18. Qh4 Re1+ 19. Kh2 Qd3 20. b4 Bd6+ 21. f4 Rf1 22. Qg4+ f5 0-1

[Event "Manitoba op"]
[Site "Winnipeg CAN"]
[Date "1998.05.18"]
[Round "5"]
[White "Babb, Jeff"]
[Black "Rasmussen, Barry"]
[Result "1/2-1/2"]
[WhiteElo "2224"]
[BlackElo "2241"]
[PlyCount "70"]
[GameId "2160767911873035"]
[EventDate "1998.05.16"]
[EventType "swiss"]
[EventRounds "6"]
[EventCountry "CAN"]

1. e4 d5 2. exd5 Nf6 3. Nc3 Nxd5 4. g3 Nxc3 5. bxc3 Qd5 6. Nf3 Qe4+ 7. Qe2 Qxe2+ 8. Kxe2 Nc6 9. Rb1 b6 10. Bg2 Bb7 11. Ne5 Na5 12. Bxb7 Nxb7 13. f4 f6 14. Nf3 e6 15. Re1 Kd7 16. Kf1 Re8 17. d3 Bc5 18. Bd2 h5 19. Re2 Nd6 20. Nh4 Nf5 21. Nxf5 exf5 22. d4 Rxe2 23. Kxe2 Bd6 24. Rg1 Kc6 25. c4 Ba3 26. Kd3 Re8 27. Rb1 Re4 28. Rb5 g6 29. Rb1 Kd7 30. Bc3 Ke7 31. Bd2 Bd6 32. Be3 c6 33. c5 Bc7 34. cxb6 axb6 35. c4 Kd7 1/2-1/2

[Event "Manitoba op"]
[Site "Winnipeg CAN"]
[Date "1998.05.18"]
[Round "5"]
[White "Cleto, Sam"]
[Black "Lauritson, Jim"]
[Result "1-0"]
[WhiteElo "1911"]
[BlackElo "2067"]
[PlyCount "74"]
[GameId "2160767911873036"]
[EventDate "1998.05.16"]
[EventType "swiss"]
[EventRounds "6"]
[EventCountry "CAN"]

1. e4 c5 2. g3 Nc6 3. Nf3 d6 4. Bg2 g6 5. d4 cxd4 6. Nxd4 Bg7 7. Nxc6 bxc6 8. O-O Qb6 9. Nc3 Nf6 10. Be3 Qxb2 11. Bd4 Qb7 12. Rb1 Qc7 13. f4 e5 14. fxe5 dxe5 15. Bc5 Bg4 16. Bf3 Rd8 17. Qe2 Be6 18. Qa6 Rd7 19. Be2 Ng8 20. Rfd1 Bf8 21. Na4 Bxc5+ 22. Nxc5 Rxd1+ 23. Rxd1 Bc8 24. Qc4 Ne7 25. Rf1 O-O 26. g4 h6 27. h4 Qd6 28. c3 Kg7 29. Rf2 Qd2 30. Nd3 Qe3 31. Kg2 f6 32. a4 Rd8 33. Nxe5 Rf8 34. Rf3 Qb6 35. Nd3 Bxg4 36. Rf2 Bxe2 37. Rxe2 Qc7 1-0

[Event "Manitoba op"]
[Site "Winnipeg CAN"]
[Date "1998.05.18"]
[Round "5"]
[White "Gannon, Keith"]
[Black "Kaptsan, Aron"]
[Result "0-1"]
[WhiteElo "1633"]
[BlackElo "2252"]
[PlyCount "96"]
[GameId "2160767911873037"]
[EventDate "1998.05.16"]
[EventType "swiss"]
[EventRounds "6"]
[EventCountry "CAN"]

1. d4 d5 2. c4 dxc4 3. e4 Nc6 4. Bxc4 Qxd4 5. Qxd4 Nxd4 6. Bd3 e5 7. Nc3 Be6 8. Nge2 O-O-O 9. O-O Ne7 10. Be3 Nec6 11. Rfd1 Bc5 12. Bxd4 Nxd4 13. Nxd4 Bxd4 14. Rac1 Rd7 15. Bb5 c6 16. Be2 Kb8 17. b3 Rhd8 18. Re1 f6 19. h3 Bxc3 20. Rxc3 Rd2 21. a3 Ra2 22. b4 Rdd2 23. Re3 Rdb2 24. g4 Rb3 25. Rxb3 Bxb3 26. b5 cxb5 27. Bxb5 Rxa3 28. Re3 Ra1+ 29. Kg2 Ba4 30. Bxa4 Rxa4 31. f3 Rd4 32. Kg3 g5 33. h4 h6 34. Rc3 Rd6 35. Rb3 b6 36. Ra3 Kb7 37. Ra1 a5 38. Rh1 b5 39. hxg5 hxg5 40. Rh7+ Kb6 41. Rh8 a4 42. Rb8+ Kc5 43. Rc8+ Rc6 44. Rd8 b4 45. Rd5+ Kc4 46. Rd1 a3 47. Rc1+ Kb5 48. Rxc6 Kxc6 0-1

[Event "Manitoba op"]
[Site "Winnipeg CAN"]
[Date "1998.05.18"]
[Round "5"]
[White "Gentes, Kevin"]
[Black "Langner, David"]
[Result "1/2-1/2"]
[WhiteElo "2374"]
[BlackElo "2242"]
[PlyCount "60"]
[GameId "2160767911873038"]
[EventDate "1998.05.16"]
[EventType "swiss"]
[EventRounds "6"]
[EventCountry "CAN"]

1. g3 e5 2. c4 Nc6 3. Bg2 g6 4. Nc3 d6 5. Rb1 Be6 6. d3 Qd7 7. h3 Bg7 8. e3 Nge7 9. b4 O-O 10. Nd5 Nd8 11. b5 Nc8 12. Ne2 c6 13. bxc6 bxc6 14. Ndc3 Ne7 15. Ne4 h6 16. Ba3 Nc8 17. Qa4 f5 18. Nd2 g5 19. f4 Re8 20. O-O Ne7 21. Nb3 Ng6 22. d4 Qf7 23. Rbc1 exf4 24. exf4 Bf8 25. Rf2 Rc8 26. d5 cxd5 27. cxd5 Rxc1+ 28. Nbxc1 Bc8 29. Qc2 Nb7 30. Nb3 Kh7 1/2-1/2

[Event "Manitoba op"]
[Site "Winnipeg CAN"]
[Date "1998.05.18"]
[Round "5"]
[White "Gibbons, Michael"]
[Black "Waissbluth, Boris"]
[Result "1/2-1/2"]
[WhiteElo "2038"]
[BlackElo "2118"]
[PlyCount "51"]
[GameId "2160767911873039"]
[EventDate "1998.05.16"]
[EventType "swiss"]
[EventRounds "6"]
[EventCountry "CAN"]

1. Nf3 d6 2. d4 Nf6 3. Nc3 g6 4. e4 Bg7 5. h3 c6 6. Be3 O-O 7. Qd2 b5 8. a3 Qc7 9. Bd3 Nbd7 10. Bh6 a6 11. Bxg7 Kxg7 12. O-O e5 13. Rfe1 Bb7 14. Bf1 Rad8 15. Rad1 Rfe8 16. Re3 Nf8 17. Rd3 Ne6 18. dxe5 dxe5 19. Ng5 Rxd3 20. Nxe6+ Rxe6 21. Qxd3 Re7 22. Qd6 Qxd6 23. Rxd6 Rd7 24. Rxd7 Nxd7 25. b4 Kf6 26. f3 1/2-1/2

[Event "Manitoba op"]
[Site "Winnipeg CAN"]
[Date "1998.05.18"]
[Round "5"]
[White "Sekhar, Ganesan"]
[Black "Khedkar, Jay"]
[Result "0-1"]
[WhiteElo "1940"]
[BlackElo "1981"]
[PlyCount "62"]
[GameId "2160767911873040"]
[EventDate "1998.05.16"]
[EventType "swiss"]
[EventRounds "6"]
[EventCountry "CAN"]

1. Nf3 Nf6 2. c4 e6 3. Nc3 d5 4. Qc2 c5 5. e3 Nc6 6. b3 Be7 7. Bb2 O-O 8. O-O-O b6 9. d4 Qc7 10. Nb5 Qb8 11. dxc5 Bxc5 12. a3 a6 13. Nbd4 Bb7 14. Nxc6 Bxc6 15. Ne5 Bb7 16. Bd3 Rd8 17. b4 Bd6 18. f4 dxc4 19. Nxc4 Rc8 20. Bxf6 gxf6 21. Qb2 b5 22. Qxf6 Bd5 23. Qg5+ Kf8 24. Kb2 bxc4 25. Bxh7 a5 26. Qg8+ Ke7 27. Qg5+ Ke8 28. Qg8+ Bf8 29. e4 axb4 30. a4 c3+ 31. Kc1 Qxf4+ 0-1

[Event "Manitoba op"]
[Site "Winnipeg CAN"]
[Date "1998.05.18"]
[Round "6"]
[White "Ford, Stephen"]
[Black "Kuryliw, Ray"]
[Result "0-1"]
[WhiteElo "1558"]
[BlackElo "1887"]
[PlyCount "54"]
[GameId "2160767911873041"]
[EventDate "1998.05.16"]
[EventType "swiss"]
[EventRounds "6"]
[EventCountry "CAN"]

1. e4 e5 2. Nf3 Nc6 3. Bb5 f5 4. exf5 e4 5. Qe2 Qe7 6. Bxc6 bxc6 7. Nd4 c5 8. Nb5 d5 9. Qh5+ Kd8 10. N1c3 Nf6 11. Qh4 a6 12. Na3 Bxf5 13. O-O h6 14. d3 exd3 15. Bg5 c6 16. Rfe1 Qf7 17. Re5 Bh7 18. Bd2 Bd6 19. Ree1 g5 20. Qxh6 Kc7 21. Bxg5 Bg6 22. Re7+ Bxe7 23. Bf4+ Kb7 24. Qg5 Nh5 25. Qg4 Qxf4 26. Qxg6 Rag8 27. Qxd3 Nf6 0-1

[Event "Manitoba op"]
[Site "Winnipeg CAN"]
[Date "1998.05.18"]
[Round "6"]
[White "Kaptsan, Aron"]
[Black "Cleto, Sam"]
[Result "0-1"]
[WhiteElo "1911"]
[BlackElo "2252"]
[PlyCount "64"]
[GameId "2160767911873042"]
[EventDate "1998.05.16"]
[EventType "swiss"]
[EventRounds "6"]
[EventCountry "CAN"]

1. d4 Nf6 2. c4 g6 3. Nc3 Bg7 4. e4 d6 5. g3 Bg4 6. f3 Bc8 7. Bg2 O-O 8. Nge2 a6 9. Be3 b5 10. cxb5 axb5 11. Nxb5 Bd7 12. Nbc3 Nc6 13. O-O Qb8 14. Qd2 e5 15. d5 Ne7 16. g4 Ne8 17. g5 f5 18. gxf6 Nxf6 19. Rac1 Nh5 20. Rfd1 Qe8 21. Rc2 g5 22. b3 Nf4 23. Nxf4 exf4 24. Bd4 Ng6 25. Bxg7 Kxg7 26. Ne2 g4 27. Rxc7 gxf3 28. Bxf3 Qd8 29. Qc3+ Kh6 30. Kh1 Rxa2 31. Rg1 Ne5 32. Nd4 Rxh2+ 0-1

[Event "Manitoba op"]
[Site "Winnipeg CAN"]
[Date "1998.05.18"]
[Round "6"]
[White "Langner, David"]
[Black "Babb, Jeff"]
[Result "1/2-1/2"]
[WhiteElo "2237"]
[BlackElo "2224"]
[PlyCount "67"]
[GameId "2160767911873043"]
[EventDate "1998.05.16"]
[EventType "swiss"]
[EventRounds "6"]
[EventCountry "CAN"]

1. e4 d6 2. d4 Nf6 3. Nc3 g6 4. Be3 c6 5. f3 b5 6. Qd2 Qa5 7. g4 h5 8. gxh5 Nxh5 9. Nge2 Bg7 10. Bg2 Nd7 11. Ng3 Nb6 12. Nce2 Qxd2+ 13. Bxd2 Nc4 14. Bc1 a5 15. b3 Nb6 16. Bb2 a4 17. O-O-O b4 18. Kb1 Ba6 19. Nxh5 Rxh5 20. c4 bxc3 21. Nxc3 axb3 22. axb3 Rb8 23. Kc2 Bc8 24. Ne2 Nd7 25. Nc1 Bh6 26. Bf1 Bf4 27. Bc4 Nb6 28. h4 Nxc4 29. bxc4 Bh6 30. d5 Rb4 31. Ne2 Rxc4+ 32. Kb3 cxd5 33. Ng3 Rc5 34. Nxh5 1/2-1/2

[Event "Manitoba op"]
[Site "Winnipeg CAN"]
[Date "1998.05.18"]
[Round "6"]
[White "Milord, Frank"]
[Black "Andersen, Sune"]
[Result "0-1"]
[WhiteElo "2092"]
[BlackElo "1614"]
[PlyCount "46"]
[GameId "2160767911873044"]
[EventDate "1998.05.16"]
[EventType "swiss"]
[EventRounds "6"]
[EventCountry "CAN"]

1. d4 d5 2. c4 c6 3. Nf3 Nf6 4. Nc3 dxc4 5. a4 Bf5 6. e3 e6 7. Bxc4 Bb4 8. O-O O-O 9. Bd3 Bg4 10. Ne4 Nxe4 11. Bxe4 Nd7 12. Qe2 Nf6 13. Bc2 Qd5 14. Rd1 Ne4 15. Qd3 f5 16. Bb3 Qd6 17. Qc4 Rf6 18. Ne5 Bxd1 19. Bxd1 Ng5 20. b3 Rd8 21. Bb2 Nf7 22. Be2 Rh6 23. Rd1 Nxe5 0-1

[Event "Manitoba op"]
[Site "Winnipeg CAN"]
[Date "1998.05.18"]
[Round "6"]
[White "Penner, Wesley"]
[Black "Plocek, Jaroslav"]
[Result "1-0"]
[WhiteElo "1791"]
[BlackElo "1760"]
[PlyCount "44"]
[GameId "2160767911873045"]
[EventDate "1998.05.16"]
[EventType "swiss"]
[EventRounds "6"]
[EventCountry "CAN"]

1. e4 e5 2. d4 exd4 3. c3 dxc3 4. Bc4 Qe7 5. Nxc3 d6 6. Qb3 Nc6 7. Nf3 a6 8. O-O b5 9. Bd5 Bb7 10. Ng5 Nh6 11. Bf4 g6 12. Nxb5 axb5 13. Qxb5 Ra7 14. Bxc6+ Bxc6 15. Qxc6+ Qd7 16. Qc3 Rg8 17. Nxh7 Bg7 18. Qxg7 Rxg7 19. Nf6+ Ke7 20. Nxd7 Kxd7 21. Bxh6 Rh7 22. Be3 Ra8 1-0

[Event "Manitoba op"]
[Site "Winnipeg CAN"]
[Date "1998.05.18"]
[Round "6"]
[White "Piche, Jeremie"]
[Black "Tetrault, Charles"]
[Result "1/2-1/2"]
[WhiteElo "1687"]
[BlackElo "1570"]
[PlyCount "104"]
[GameId "2160767911873046"]
[EventDate "1998.05.16"]
[EventType "swiss"]
[EventRounds "6"]
[EventCountry "CAN"]

1. e4 c5 2. d4 cxd4 3. c3 dxc3 4. Nxc3 Nc6 5. Nf3 d6 6. Bc4 e6 7. O-O a6 8. Qe2 b5 9. Bb3 Bb7 10. Rd1 Qc7 11. Bf4 Be7 12. Rac1 Nf6 13. h3 Rd8 14. e5 dxe5 15. Rxd8+ Bxd8 16. Nxe5 Nxe5 17. Nxb5 Qxc1+ 18. Bxc1 axb5 19. Qxe5 Bc6 20. Bxe6 O-O 21. Qd6 Be4 22. Bb3 Re8 23. a4 Be7 24. Qg3 Bc6 25. axb5 Bxb5 26. Bxf7+ Kxf7 27. Qb3+ Kf8 28. Qxb5 Bd6 29. Kf1 Rb8 30. Qd3 Be7 31. b3 h6 32. Bb2 Nh5 33. Qf3+ Nf6 34. g4 Kg8 35. Qe3 Re8 36. Qe6+ Kf8 37. Qf5 Kg8 38. Qg6 Rb8 39. h4 Rxb3 40. Bxf6 Bxf6 41. Qe8+ Kh7 42. Qe4+ Kh8 43. h5 Rb8 44. f4 Rf8 45. Kg2 Bd8 46. f5 Bg5 47. Kf3 Bf6 48. Qe6 Bg5 49. Ke4 Bf6 50. Kd5 Bg5 51. Qe2 Rd8+ 52. Kc6 Rf8 1/2-1/2

[Event "Manitoba op"]
[Site "Winnipeg CAN"]
[Date "1998.05.18"]
[Round "6"]
[White "Rasmussen, Barry"]
[Black "Gentes, Kevin"]
[Result "0-1"]
[WhiteElo "2241"]
[BlackElo "2374"]
[PlyCount "30"]
[GameId "2160767911873047"]
[EventDate "1998.05.16"]
[EventType "swiss"]
[EventRounds "6"]
[EventCountry "CAN"]

1. e4 c5 2. Nf3 e6 3. d4 cxd4 4. Nxd4 Nf6 5. Nc3 d6 6. f4 a6 7. Be2 Be7 8. O-O O-O 9. Kh1 Qc7 10. Be3 b5 11. Bf3 Bb7 12. f5 e5 13. Nde2 b4 14. Nd5 Bxd5 15. exd5 e4 0-1

[Event "Manitoba op"]
[Site "Winnipeg CAN"]
[Date "1998.05.18"]
[Round "6"]
[White "Roque, Rodolfo"]
[Black "Gibbons, Michael"]
[Result "0-1"]
[WhiteElo "2038"]
[BlackElo "1982"]
[PlyCount "58"]
[GameId "2160767911873048"]
[EventDate "1998.05.16"]
[EventType "swiss"]
[EventRounds "6"]
[EventCountry "CAN"]

1. e4 d6 2. d4 Nf6 3. Bd3 Nc6 4. c3 e5 5. d5 Ne7 6. h3 g6 7. Nf3 Bg7 8. O-O O-O 9. Be3 Ne8 10. Qd2 f5 11. exf5 gxf5 12. Bg5 e4 13. Bb5 exf3 14. Re1 Nf6 15. gxf3 Bd7 16. Bc4 Ng6 17. Na3 Ne5 18. Rxe5 dxe5 19. d6+ Kh8 20. Rd1 cxd6 21. Bb3 Bc6 22. Nc4 Bxf3 23. Re1 Qe8 24. Kh2 Qh5 25. Bxf6 Rxf6 26. Nxd6 Raf8 27. Rxe5 Rh6 28. Nf7+ Qxf7 29. Bxf7 Bxe5+ 0-1

[Event "Manitoba op"]
[Site "Winnipeg CAN"]
[Date "1998.05.18"]
[Round "6"]
[White "Taylor, Gordon2"]
[Black "Van Wyk, Joseph"]
[Result "0-1"]
[WhiteElo "1635"]
[BlackElo "1688"]
[PlyCount "70"]
[GameId "2160767911873049"]
[EventDate "1998.05.16"]
[EventType "swiss"]
[EventRounds "6"]
[EventCountry "CAN"]

1. c4 e5 2. Nc3 Nf6 3. g3 Bc5 4. Bg2 O-O 5. e3 Re8 6. Nge2 c6 7. a3 a5 8. d4 exd4 9. Nxd4 d5 10. Nb3 d4 11. Nxc5 dxc3 12. Qxd8 Rxd8 13. bxc3 b6 14. Ne4 Nxe4 15. Bxe4 Be6 16. c5 bxc5 17. O-O f5 18. Bg2 Rd3 19. Bb2 Rd2 20. Rfb1 Bd5 21. Bf1 Be4 22. Bc4+ Kf8 23. Rd1 Rxb2 24. Rd8+ Ke7 25. Rad1 Ra7 26. Rg8 Kf6 27. Rf8+ Kg5 28. Bd3 Rd7 29. h4+ Kh6 30. g4 Rxd3 31. Rxd3 Rb1+ 32. Kh2 Rh1+ 33. Kg3 Rg1+ 34. Kh2 Rg2+ 35. Kh3 fxg4# 0-1

[Event "Manitoba op"]
[Site "Winnipeg CAN"]
[Date "1998.05.18"]
[Round "6"]
[White "Waissbluth, Boris"]
[Black "Khedkar, Jay"]
[Result "0-1"]
[WhiteElo "2118"]
[BlackElo "1981"]
[PlyCount "83"]
[GameId "2160767911873050"]
[EventDate "1998.05.16"]
[EventType "swiss"]
[EventRounds "6"]
[EventCountry "CAN"]

1. e4 c5 2. Nf3 d6 3. d4 cxd4 4. Nxd4 Nf6 5. Nc3 a6 6. Be2 e6 7. a4 Be7 8. O-O Qc7 9. f4 Nc6 10. Nb3 b6 11. Kh1 Bb7 12. Bf3 O-O 13. Qe2 Rac8 14. g4 Rfe8 15. g5 Nd7 16. Be3 Nc5 17. Nxc5 bxc5 18. Qf2 Nb4 19. Rad1 Rcd8 20. Qg2 Bf8 21. Bc1 Nc6 22. Ne2 Ne7 23. f5 exf5 24. exf5 Bxf3 25. Rxf3 Qc6 26. Ng3 Qxa4 27. f6 Ng6 28. Nf5 Nh4 29. Nxh4 Qxh4 30. fxg7 Bxg7 31. Rdf1 Rd7 32. b3 Re1 33. Rxe1 Qxe1+ 34. Rf1 Qe8 35. h4 Re7 36. Bf4 Re2 37. Rf2 Re1+ 38. Kh2 Bd4 39. Rd2 Bg1+ 40. Kg3 Be3 41. Bxe3 Qxe3+ 42. Qf3 0-1

[Event "Manitoba-Tch A"]
[Site "Winnipeg CAN"]
[Date "1998.04.03"]
[Round "2"]
[White "Barg, Andrew"]
[Black "Hassain, Mahmud"]
[Result "1/2-1/2"]
[WhiteElo "1882"]
[BlackElo "1949"]
[PlyCount "150"]
[GameId "2160767911873625"]
[EventDate "1998.03.27"]
[EventType "team"]
[EventRounds "5"]
[EventCountry "CAN"]

1. Nf3 d6 2. g3 g6 3. Bg2 Bg7 4. Nc3 Nf6 5. Rb1 Nc6 6. b4 e5 7. b5 Ne7 8. d3 O-O 9. Bb2 h6 10. Nd2 Be6 11. Bxb7 Rb8 12. Bg2 Qd7 13. a4 Ne8 14. e3 Bh3 15. O-O Bxg2 16. Kxg2 a6 17. Qf3 axb5 18. axb5 f5 19. Ba3 e4 20. Ncxe4 fxe4 21. Qxe4 Nf6 22. Qb4 Rf7 23. c4 Ng4 24. Bb2 Ne5 25. Qb3 c5 26. e4 g5 27. f3 N7g6 28. Rf2 Rbf8 29. Rbf1 Kh7 30. Qc2 Qe6 31. Nb1 h5 32. Bc1 Bh6 33. Nc3 h4 34. Qe2 g4 35. f4 Qd7 36. fxe5 Rxf2+ 37. Rxf2 Rxf2+ 38. Qxf2 h3+ 39. Kf1 Bxc1 40. exd6 Qxd6 41. Nd5 Kg7 42. Qf5 Qf8 43. Qxf8+ Nxf8 44. b6 Nd7 45. b7 Bb2 46. Ne3 Be5 47. Nxg4 Bb8 48. Nf2 Ne5 49. Ke2 Kf6 50. Nxh3 Ng4 51. Nf4 Nxh2 52. Nd5+ Ke6 53. Ke3 Ng4+ 54. Kf3 Ne5+ 55. Ke2 Nc6 56. g4 Nd8 57. Ke3 Be5 58. b8=Q Bxb8 59. d4 cxd4+ 60. Kxd4 Nc6+ 61. Ke3 Ne5 62. c5 Nxg4+ 63. Kd4 Ne5 64. Nb6 Bc7 65. Nd5 Nc6+ 66. Kc4 Be5 67. Kb5 Nd4+ 68. Kb6 Kd7 69. Kb7 Nb5 70. c6+ Ke6 71. c7 Nd6+ 72. Kb8 Nxe4 73. Kb7 Nd6+ 74. Kc6 Nc8 75. Nb6 Bxc7 1/2-1/2